[Event "GER-chT U16"]
[Site "Willingen"]
[Date "2021.06.26"]
[Round "5.9"]
[White "Steinbach, Julian"]
[Black "Kazimov, Alis"]
[Result "1-0"]
[WhiteElo "1704"]
[BlackElo "1341"]
[PlyCount "51"]
[EventDate "2021.06.23"]
[EventType "team-swiss"]
[EventRounds "7"]
[EventCountry "GER"]
[SourceTitle "CBM 203 Extra"]
[Source "ChessBase"]
[SourceDate "2021.09.30"]
[SourceVersion "1"]
[SourceVersionDate "2021.09.30"]
[SourceQuality "1"]
[WhiteTeam "Kiel Doppelbauer"]
[BlackTeam "Porz SG"]
[WhiteTeamCountry "GER"]
[BlackTeamCountry "GER"]

1. e4 e5 2. Nf3 d6 3. d4 exd4 4. Nxd4 Nc6 5. Nc3 h6 6. Be3 Nf6 7. f3 Be7 8. Be2 0-0 9. Qd2 a6 10. 0-0-0 Re8 11. g4 Nd7 12. Nf5 Bf8 13. h4 Ne7 14. Rdg1 Nxf5 15. gxf5 Kh7 16. Nd5 Be7 17. Rg2 c6 18. Nxe7 Qxe7 19. Rhg1 Rg8 20. Bxh6 g6 21. h5 Ne5 22. hxg6+ fxg6 23. Bg5 Qf7 24. Rh2+ Kg7 25. Bh6+ Kh7 26. Bf8# 1-0

[Event "GER-chT U16"]
[Site "Willingen"]
[Date "2021.06.24"]
[Round "1.6"]
[White "Schubert, Nikita"]
[Black "Kazimov, Alis"]
[Result "1-0"]
[WhiteElo "1917"]
[BlackElo "1341"]
[PlyCount "85"]
[EventDate "2021.06.23"]
[EventType "team-swiss"]
[EventRounds "7"]
[EventCountry "GER"]
[SourceTitle "CBM 203 Extra"]
[Source "ChessBase"]
[SourceDate "2021.09.30"]
[SourceVersion "1"]
[SourceVersionDate "2021.09.30"]
[SourceQuality "1"]
[WhiteTeam "Gera"]
[BlackTeam "Porz SG"]
[WhiteTeamCountry "GER"]
[BlackTeamCountry "GER"]

1. d4 Nf6 2. Nf3 g6 3. c4 d5 4. g3 c6 5. Bg2 Bg7 6. 0-0 0-0 7. cxd5 cxd5 8. Ne5 Nbd7 9. Nc3 e6 10. Bf4 Nh5 11. Nxd7 Bxd7 12. Be3 f5 13. Qd2 f4 14. Bxf4 Nxf4 15. gxf4 Bh6 16. e3 Qh4 17. h3 Rf5 18. Ne2 Raf8 19. Ng3 R5f7 20. a4 g5 21. fxg5 Bxg5 22. Kh2 Qh6 23. f4 Bh4 24. Nh1 Kh8 25. Rg1 Rg7 26. Bf3 Rfg8 27. Rxg7 Rxg7 28. Rg1 Rxg1 29. Kxg1 Qg6+ 30. Kh2 b6 31. Bd1 a5 32. Bc2 Qg7 33. b3 Be8 34. Qc3 Bh5 35. Qc8+ Qg8 36. Qxg8+ Kxg8 37. Kg2 Bg6 38. Bxg6 hxg6 39. Nf2 Bxf2 40. Kxf2 Kf7 41. Kf3 Kf6 42. e4 dxe4+ 43. Kxe4 1-0

[Event "GER-chT Christmas U16 Lasker"]
[Site "Playchess.com INT"]
[Date "2020.12.28"]
[Round "7.2"]
[White "Hoffmann, Alexander4444"]
[Black "Kazimov, Alis"]
[Result "1-0"]
[WhiteElo "1554"]
[BlackElo "1341"]
[PlyCount "61"]
[EventDate "2020.12.28"]
[EventType "team-swiss (blitz)"]
[EventRounds "7"]
[EventCountry "GER"]
[SourceTitle "CBM 200 Extra"]
[Source "ChessBase"]
[SourceDate "2021.03.31"]
[SourceVersion "1"]
[SourceVersionDate "2021.03.31"]
[SourceQuality "1"]
[WhiteTeam "Karlsruhe II"]
[BlackTeam "Koeln Porz II"]
[WhiteTeamCountry "GER"]
[BlackTeamCountry "GER"]

1. e4 e5 2. Nc3 Nc6 3. g3 f5 4. d3 Nf6 5. Bg2 Bc5 6. Nge2 0-0 7. 0-0 d6 8. Na4 Bb6 9. Nxb6 axb6 10. f4 fxe4 11. dxe4 Bg4 12. h3 Bxe2 13. Qxe2 Nd4 14. Qc4+ Kh8 15. Be3 b5 16. Qd3 c5 17. Bxd4 cxd4 18. Qxb5 Nh5 19. fxe5 dxe5 20. Qxe5 Nf6 21. Rfd1 Qb6 22. Qxd4 Qxd4+ 23. Rxd4 Rfd8 24. Rxd8+ Rxd8 25. e5 Nd5 26. Bxd5 Rxd5 27. Re1 Kg8 28. e6 Kf8 29. Rf1+ Ke7 30. Rf7+ Kxe6 31. Rxb7 1-0

[Event "GER-chT Christmas U16 Lasker"]
[Site "Playchess.com INT"]
[Date "2020.12.28"]
[Round "3.2"]
[White "Kazimov, Alis"]
[Black "Paulsen, Niels Martin"]
[Result "1-0"]
[WhiteElo "1341"]
[BlackElo "1588"]
[PlyCount "85"]
[EventDate "2020.12.28"]
[EventType "team-swiss (blitz)"]
[EventRounds "7"]
[EventCountry "GER"]
[SourceTitle "CBM 200 Extra"]
[Source "ChessBase"]
[SourceDate "2021.03.31"]
[SourceVersion "1"]
[SourceVersionDate "2021.03.31"]
[SourceQuality "1"]
[WhiteTeam "Koeln Porz II"]
[BlackTeam "Luebeck II"]
[WhiteTeamCountry "GER"]
[BlackTeamCountry "GER"]

1. e4 c5 2. c4 Nc6 3. Nc3 g6 4. g3 Nf6 5. Bg2 Qc7 6. Nge2 Bg7 7. d3 0-0 8. 0-0 a6 9. Rb1 d6 10. h3 Rb8 11. a4 Nb4 12. Be3 Nd7 13. f4 e6 14. b3 b6 15. d4 cxd4 16. Bxd4 Bb7 17. Bxg7 Kxg7 18. Nd4 d5 19. exd5 exd5 20. Nc2 Nxc2 21. Qxc2 dxc4 22. Ne4 Rbc8 23. Rbc1 Bxe4 24. Bxe4 Nc5 25. Qxc4 Rfe8 26. Bd5 Re7 27. Qd4+ Kg8 28. b4 Rd7 29. bxc5 bxc5 30. Qc4 Qd6 31. Bxf7+ Kf8 32. Be6 Qd4+ 33. Qxd4 Rxd4 34. Bxc8 Rd3 35. Bxa6 Rxg3+ 36. Kf2 Rxh3 37. Rxc5 Rh2+ 38. Kg3 Ra2 39. Bb5 Ra3+ 40. Kg4 h5+ 41. Kg5 Rg3+ 42. Kf6 h4 43. Rc8# 1-0

[Event "GER-chT U14"]
[Site "Magdeburg"]
[Date "2018.12.28"]
[Round "4.4"]
[White "Kopvillem, Mikhail"]
[Black "Kazimov, Alis"]
[Result "0-1"]
[WhiteElo "1089"]
[BlackElo "1499"]
[PlyCount "46"]
[EventDate "2018.12.27"]
[EventType "team-swiss"]
[EventRounds "7"]
[EventCountry "GER"]
[SourceTitle "CBM 188 Extra"]
[Source "ChessBase"]
[SourceDate "2019.02.26"]
[SourceVersion "1"]
[SourceVersionDate "2019.02.26"]
[SourceQuality "1"]
[WhiteTeam "Anhalt"]
[BlackTeam "Porz SG"]
[WhiteTeamCountry "GER"]
[BlackTeamCountry "GER"]

1. b4 e5 2. Bb2 Bxb4 3. Bxe5 Nf6 4. c3 Be7 5. d4 Nc6 6. Nf3 d5 7. e3 0-0 8. Nbd2 Bf5 9. a3 h6 10. c4 Nxe5 11. Nxe5 Nd7 12. Ndf3 Nxe5 13. Nxe5 c6 14. cxd5 cxd5 15. Qb3 Qa5+ 16. Ke2 Rac8 17. Nd3 Rc3 18. Qxb7 Bxd3+ 19. Kf3 Be4+ 20. Kg4 Bd6 21. Be2 Qd8 22. h4 Qf6 23. Qa6 Qf5# 0-1

[Event "GER-chT U14"]
[Site "Magdeburg"]
[Date "2018.12.27"]
[Round "1.4"]
[White "Kazimov, Alis"]
[Black "Afonso, Phil"]
[Result "0-1"]
[WhiteElo "1499"]
[BlackElo "1595"]
[PlyCount "104"]
[EventDate "2018.12.27"]
[EventType "team-swiss"]
[EventRounds "7"]
[EventCountry "GER"]
[SourceTitle "CBM 188 Extra"]
[Source "ChessBase"]
[SourceDate "2019.02.26"]
[SourceVersion "1"]
[SourceVersionDate "2019.02.26"]
[SourceQuality "1"]
[WhiteTeam "Porz SG"]
[BlackTeam "Kornwestheim"]
[WhiteTeamCountry "GER"]
[BlackTeamCountry "GER"]

1. e4 c5 2. c4 Nc6 3. Nc3 Nf6 4. d3 e5 5. g3 d6 6. Bg2 g6 7. Nge2 Bg7 8. 0-0 0-0 9. Rb1 Bd7 10. f4 exf4 11. Bxf4 Bg4 12. h3 Bxe2 13. Nxe2 Re8 14. Qd2 Re7 15. Bg5 Re6 16. Nf4 Nxe4 17. Nxe6 Nxd2 18. Nxd8 Bd4+ 19. Kh2 Nxf1+ 20. Bxf1 Nxd8 21. Bxd8 Rxd8 22. b4 b6 23. bxc5 dxc5 24. Re1 Kf8 25. Bg2 Bg7 26. Bd5 b5 27. Rf1 f6 28. Re1 Rd6 29. Re6 Rxe6 30. Bxe6 b4 31. Kg2 Ke7 32. Bd5 Kd6 33. Kf3 a5 34. Ke2 Ke5 35. Kd2 Kd4 36. Kc2 a4 37. Bc6 a3 38. Bg2 Ke3 39. g4 Kf2 40. Be4 Ke3 41. Kb3 Kd4 42. Kc2 Ke5 43. Bf3 f5 44. Bd1 f4 45. h4 h6 46. Kd2 Kd4 47. g5 h5 48. Ke2 Be5 49. Kd2 f3 50. Bxf3 b3 51. axb3 a2 52. Be4 a1Q 0-1